LEADER 04228nam1 22007813i 450 001 VEA0053491 005 20231121125919.0 100 $a20040916g1914 ||||0itac50 ba 101 | $agrc$cgrc 102 $ade 181 1$6z01$ai $bxxxe 182 1$6z01$an 200 1 $aPlutarchi Vitae parallelae$frecognoverunt Cl. Lindskog et K. Ziegler 210 $aLipsiae$a[poi] Stutgardiae et Lipsiae$cin aedibus B. G. Teubneri 215 $av.$d21 cm 225 | $aBibliotheca scriptorum Graecorum et Romanorum Teubneriana 300 $aTesto in greco. 410 0$1001CFI0069176$12001 $aBibliotheca scriptorum Graecorum et Romanorum Teubneriana 440 1 $1001RMS0119753$12001 $aVitae parallelae$fPlutarchus 463 1$1001MIL0252575$12000 $aVol. 1.1$ftertium recensuit K. Ziegler$v1.1 463 1$1001MIL0252577$12000 $aVol. 2.2$fiterum recensuit K. Ziegler$v2.2 463 1$1001MIL0252579$12000 $aVol. 3.1$fiterum recensuit Konrat Ziegler$v3.1 463 1$1001MIL0252580$12000 $a3.2$fiterum recensuit K. Ziegler$gaccedunt Vitae Galbae et Othonis et Vitarum deperditarum fragmenta$v3.2 463 1$1001MIL0252585$12001 $a˜4: œIndices$fcomposuit K. Ziegler$v4 463 1$1001PUV0185089$12000 $a1.2$v1.2 463 1$1001PUV0185122$12000 $aVol. 2.1$frecensuit K. Ziegler$v2.1 463 1$1001PUV0185128$12000 $a2.2$frecensuit K. Ziegler$v2.2 463 1$1001PUV0185142$12000 $a3.1$frecensuit K. Ziegler$v3.1 463 1$1001PUV0185143$12001 $a˜4.1: œGalba et Otho$frecognovit K. Ziegler$v4.1 463 1$1001PUV0455443$12000 $a3.2$frecensuit K. Ziegler$v3.2 463 1$1001PUV0455444$12000 $aVol. 1.1$frecensuit Cl. Lindskog$v1.1 463 1$1001RML0245073$12001 $avol.1 fasc.2$fPlutarchus$grecognoverunt Cl.Lindskog et K.Ziegler 463 1$1001RML0338867$12000 $a2.1.$f[Plutarchus]$grecognoverunt Cl. Lindskog et K. Ziegler 463 1$1001RML0339844$12000 $a1.1.$f[Plutarchus]$gquartum recensuit Konrat Ziegler 463 1$1001RML0339845$12000 $a2.2.$f[Plutarchus] 463 1$1001RML0339846$12000 $a3.1.$f[Plutarchus] 463 1$1001RML0339847$12000 $a3.2.$f[Plutarchus] 463 1$1001RML0443473$12000 $a1.1$fiterum recensuit K. Ziegler 463 1$1001TO00397900$12000 $a1.2$frecognoverunt Cl. Lindskog et K. Ziegler$giterum recensuit K. Ziegler$v1.2 463 1$1001TO00397904$12000 $aVol. 2.1$frecognoverunt Cl. Lindskog et K. Ziegler$giterum recensuit K. Ziegler$v2.1 463 1$1001UBO0302768$12001 $a˜4: œIndices$fcomposuit Konrat Ziegler$v4 463 1$1001UFI0318285$12001 $a˜Vol. 4.2: œIndices$fcomposuit K. Ziegler$v4.2 500 10$aVitae parallelae$3MIL0019075$9CFIV005487$93008435 517 1 $aVitae parallelae$9VEA0053501 606 $aPlutarco . Vite parallele$xEdizioni critiche$2FIR$3RMLC445912$9E 676 $a920.037$9Biografie. Raccolte. Penisola italiana e territori limitrofi. Antichità.$v22 676 $a920.038$9Biografie. Raccolte. Grecia, fino al 323.$v22 700 0$aPlutarchus$3CFIV005487$4070$0439241 702 1$aZiegler$b, Konrat$3CFIV092041 702 1$aLindskog$b, Claes$3TO0V073845 790 0$aPloytarchoy$3CFIV259063$zPlutarchus 790 0$aPlutarque$3CFIV259064$zPlutarchus 790 0$aPlutarch$3CFIV259065$zPlutarchus 790 0$aPlutarth$3CFIV259066$zPlutarchus 790 0$aPlutarco$3CFIV259071$zPlutarchus 790 0$aPloutarkhos$3SBNV036198$zPlutarchus 801 3$aIT$bIT-01$c20040916 850 $aIT-RM028 $aIT-RM0290 $aIT-RM0151 $aIT-FR0017 899 $aBiblioteca Universitaria Alessandrina$bRM028 899 $aBIBLIOTECA ANGELICA$bRM0290 899 $aBiblioteca Istituto Storico Italiano Medio Evo - I$bRM0151 899 $aBiblioteca umanistica Giorgio Aprea$bFR0017 912 $aVEA0053491 950 1$aBiblioteca umanistica Giorgio Aprea$d 52DLM BTG /Plu. /2.1$d 52DLM BTG /Plu. /2.2$d 52DLM BTG /Plu. /2.3$d 52DLM BTG /Plu. /2.4$d 52DLM BTG /Plu. /2.5$d 52DLM BTG /Plu. /2.6 967 $m5 977 $a 01$a 06$a 41$a 52 996 $aVitae parallelae$93008435 997 $aUNICAS